[Event "29th Czech Open-Rapid 2018"]
[Site "Pardubice"]
[Date "2018.07.18"]
[Round "2"]
[White "Tarakanov, Oleg"]
[Black "Fiala, Milan"]
[Result "1-0"]
[WhiteElo "2123"]
[BlackElo "1845"]
[Annotator "NA"]
[PlyCount "107"]
[EventDate "2018.07.18"]
[EventType "swiss"]
[EventCountry "CZE"]
[SourceTitle "playchess.com"]
[Source "ChessBase"]
[SourceQuality "1"]
[TimeControl "900+10"]

1. e4 {[%emt 0:00:00]} c5 {[%emt 0:00:00]} 2. Nf3 {[%emt 0:00:00]} d6 {[%emt 0:00:00]} 3. c3 {[%emt 0:00:00]} Nc6 {[%emt 0:00:13]} 4. d4 {[%emt 0:00:04]} cxd4 {[%emt 0:00:49]} 5. cxd4 {[%emt 0:00:02]} Nf6 {[%emt 0:00:17]} 6. Nc3 {[%emt 0:00:09]} e6 {[%emt 0:00:54]} 7. Bd3 {[%emt 0:00:29]} Be7 {[%emt 0:00:09]} 8. O-O {[%emt 0:00:04]} O-O {[%emt 0:00:02]} 9. Re1 {[%emt 0:01:06]} e5 {[%emt 0:01:19]} 10. d5 {[%emt 0:00:05]} Nb8 {[%emt 0:01:32]} 11. h3 {[%emt 0:00:07]} Nbd7 {[%emt 0:00:24]} 12. Be3 {[%emt 0:00:17]} b6 {[%emt 0:01:22]} 13. b4 {[%emt 0:00:12]} a5 {[%emt 0:00:50]} 14. a3 {[%emt 0:00:04]} axb4 {[%emt 0:00:11]} 15. axb4 {[%emt 0:00:01]} Bb7 {[%emt 0:00:11]} 16. Qb3 {[%emt 0:01:30]} Nh5 {[%emt 0:01:04]} 17. g4 {[%emt 0:00:25]} Nf4 {[%emt 0:00:30]} 18. Bxf4 {[%emt 0:00:42]} exf4 {[%emt 0:00:02]} 19. Ne2 {[%emt 0:00:49]} Ne5 {[%emt 0:00:43]} 20. Bb5 {[%emt 0:00:04]} Nxf3+ {[%emt 0:01:06]} 21. Qxf3 {[%emt 0:00:02]} g5 {[%emt 0:00:48]} 22. Rxa8 {[%emt 0:00:47]} Qxa8 {[%emt 0:00:36]} 23. Nd4 {[%emt 0:00:10]} Bf6 {[%emt 0:01:11]} 24. Nf5 {[%emt 0:00:06]} Rd8 {[%emt 0:00:47]} 25. h4 {[%emt 0:00:14]} Bc8 {[%emt 0:00:22]} 26. hxg5 {[%emt 0:01:25]} Bxg5 {[%emt 0:00:03]} 27. Nd4 {[%emt 0:00:32]} Bd7 {[%emt 0:00:20]} 28. Bxd7 {[%emt 0:01:47]} Rxd7 {[%emt 0:00:02]} 29. Nc6 {[%emt 0:00:02]} h6 {[%emt 0:01:35]} 30. Qc3 {[%emt 0:00:07]} Kh7 {[%emt 0:00:45]} 31. Kg2 {[%emt 0:00:14]} Qg8 {[%emt 0:00:02]} 32. Rh1 {[%emt 0:00:29]} Qg6 {[%emt 0:00:03]} 33. Kf3 {[%emt 0:00:33]} Bf6 {[%emt 0:00:05]} 34. Qd3 {[%emt 0:00:15]} Be5 {[%emt 0:00:17]} 35. Rh5 {[%emt 0:01:21]} f6 {[%emt 0:00:02]} 36. Qf1 {[%emt 0:00:04]} Rg7 {[%emt 0:00:04]} 37. Qh3 {[%emt 0:00:02]} Rc7 {[%emt 0:00:31]} 38. Rf5 {[%emt 0:00:09]} Rg7 {[%emt 0:00:27]} 39. Rh5 {[%emt 0:00:49]} Rc7 {[%emt 0:00:11]} 40. Kg2 {[%emt 0:00:08]} Rg7 {[%emt 0:00:07]} 41. f3 {[%emt 0:00:01]} Rc7 {[%emt 0:00:10]} 42. Qh4 {[%emt 0:00:34]} Rg7 {[%emt 0:00:36]} 43. Kh3 {[%emt 0:00:06]} Rc7 {[%emt 0:00:13]} 44. Qf2 {[%emt 0:00:06]} Rb7 {[%emt 0:00:18]} 45. Qa2 {[%emt 0:00:07]} Qg8 {[%emt 0:00:08]} 46. Qa6 {[%emt 0:00:20]} Qg7 {[%emt 0:00:33]} 47. Qa8 {[%emt 0:00:18]} Rf7 {[%emt 0:00:14]} 48. Qd8 {[%emt 0:00:39]} Rd7 {[%emt 0:00:15]} 49. Qxb6 {[%emt 0:00:09]} Rb7 {[%emt 0:00:09]} 50. Qa6 {[%emt 0:00:09]} Qc7 {[%emt 0:00:05]} 51. Qa8 {[%emt 0:00:26]} Qb6 {[%emt 0:00:10]} 52. Qc8 {[%emt 0:00:32]} Rg7 {[%emt 0:00:07]} 53. Qf5+ {[%emt 0:00:19]} Rg6 {[%emt 0:00:02]} 54. Ne7 {[%emt 0:00:30]} 1-0

[Event "29th Czech Open-Rapid 2018"]
[Site "Pardubice"]
[Date "2018.07.18"]
[Round "2"]
[White "Zhuravlev, Stepan"]
[Black "Kobo, Ori"]
[Result "1/2-1/2"]
[WhiteElo "2121"]
[BlackElo "2508"]
[Annotator "RC"]
[PlyCount "147"]
[EventDate "2018.07.18"]
[EventType "swiss"]
[EventCountry "CZE"]
[SourceTitle "playchess.com"]
[Source "ChessBase"]
[SourceQuality "1"]
[TimeControl "900+10"]

1. d4 {[%emt 0:00:00]} e6 {[%emt 0:00:00]} 2. c4 {[%emt 0:00:00]} b6 {[%emt 0:00:00]} 3. e4 {[%emt 0:00:06]} Bb4+ {[%emt 0:00:00]} 4. Bd2 {[%emt 0:00:03]} Bxd2+ {[%emt 0:00:01]} 5. Nxd2 {[%emt 0:00:02]} Ne7 {[%emt 0:00:12]} 6. Bd3 {[%emt 0:00:07]} d6 {[%emt 0:00:04]} 7. Ne2 {[%emt 0:00:35]} e5 {[%emt 0:00:12]} 8. d5 {[%emt 0:00:59]} O-O {[%emt 0:00:19]} 9. O-O {[%emt 0:00:22]} Ng6 {[%emt 0:01:37]} 10. b4 {[%emt 0:00:19]} a5 {[%emt 0:00:15]} 11. a3 {[%emt 0:00:08]} Nd7 {[%emt 0:00:53]} 12. Rc1 {[%emt 0:00:22]} Nf4 {[%emt 0:01:04]} 13. Nxf4 {[%emt 0:01:58]} exf4 {[%emt 0:00:01]} 14. Nf3 {[%emt 0:00:19]} Qf6 {[%emt 0:00:13]} 15. Qc2 {[%emt 0:00:28]} axb4 {[%emt 0:00:51]} 16. axb4 {[%emt 0:00:11]} Ra3 {[%emt 0:00:42]} 17. e5 {[%emt 0:00:49]} Nxe5 {[%emt 0:00:07]} 18. Nxe5 {[%emt 0:00:13]} Qxe5 {[%emt 0:00:09]} 19. Bxh7+ {[%emt 0:00:06]} Kh8 {[%emt 0:00:01]} 20. Rfe1 {[%emt 0:00:33]} Qg5 {[%emt 0:00:51]} 21. Bd3 {[%emt 0:04:06]} Bh3 {[%emt 0:00:53]} 22. g3 {[%emt 0:01:07]} fxg3 {[%emt 0:01:43]} 23. fxg3 {[%emt 0:00:28]} Rfa8 {[%emt 0:00:31]} 24. Qe2 {[%emt 0:02:35]} g6 {[%emt 0:00:57]} 25. Rc2 {[%emt 0:00:54]} Kg7 {[%emt 0:00:54]} 26. Be4 {[%emt 0:00:58]} Re8 {[%emt 0:02:14]} 27. Qf2 {[%emt 0:00:13]} Qe5 {[%emt 0:01:26]} 28. Rce2 {[%emt 0:00:45]} Ra1 {[%emt 0:00:51]} 29. Bf3 {[%emt 0:00:51]} Rxe1+ {[%emt 0:00:02]} 30. Qxe1 {[%emt 0:00:01]} Qd4+ {[%emt 0:00:04]} 31. Kh1 {[%emt 0:00:04]} Qd3 {[%emt 0:00:41]} 32. Qa1+ {[%emt 0:00:26]} f6 {[%emt 0:00:41]} 33. Rf2 {[%emt 0:00:01]} Re3 {[%emt 0:01:02]} 34. Bg2 Bxg2+ {[%emt 0:00:41]} 35. Kxg2 {[%emt 0:00:19]} Re5 {[%emt 0:00:07]} 36. Qf1 {[%emt 0:00:09]} Qe4+ {[%emt 0:00:03]} 37. Kg1 {[%emt 0:00:02]} Qd4 {[%emt 0:00:07]} 38. Kg2 {[%emt 0:00:06]} Re4 {[%emt 0:00:10]} 39. Rc2 {[%emt 0:00:25]} Qe5 {[%emt 0:00:09]} 40. Qf2 {[%emt 0:00:16]} Re1 {[%emt 0:00:08]} 41. Qf4 {[%emt 0:00:09]} Qa1 {[%emt 0:00:18]} 42. Rf2 {[%emt 0:00:13]} Qc3 {[%emt 0:00:27]} 43. Qg4 {[%emt 0:00:06]} Re7 {[%emt 0:00:12]} 44. Qf4 {[%emt 0:00:05]} Rf7 {[%emt 0:00:14]} 45. h4 {[%emt 0:00:19]} Qxb4 {[%emt 0:00:06]} 46. h5 {[%emt 0:00:01]} gxh5 {[%emt 0:00:11]} 47. Re2 {[%emt 0:00:03]} Qb1 {[%emt 0:00:07]} 48. Re6 {[%emt 0:00:23]} Qc2+ {[%emt 0:00:02]} 49. Kh3 {[%emt 0:00:04]} Qg6 {[%emt 0:00:04]} 50. Kh4 {[%emt 0:00:19]} Qb1 {[%emt 0:00:10]} 51. Kxh5 {[%emt 0:00:09]} Qh1+ {[%emt 0:00:30]} 52. Qh4 {[%emt 0:00:02]} Qf3+ {[%emt 0:00:05]} 53. Qg4+ {[%emt 0:00:04]} Qxg4+ {[%emt 0:00:01]} 54. Kxg4 {[%emt 0:00:01]} Kg6 {[%emt 0:00:07]} 55. Kf4 {[%emt 0:00:08]} Rh7 {[%emt 0:00:20]} 56. g4 {[%emt 0:00:05]} Rh1 {[%emt 0:00:10]} 57. Re7 {[%emt 0:00:03]} Rf1+ {[%emt 0:00:05]} 58. Kg3 {[%emt 0:00:02]} Rc1 {[%emt 0:00:09]} 59. Rxc7 {[%emt 0:00:03]} b5 {[%emt 0:00:00]} 60. Rc6 {[%emt 0:00:14]} Rxc4 {[%emt 0:00:05]} 61. Rxd6 {[%emt 0:00:04]} Kg5 {[%emt 0:00:01]} 62. Rb6 {[%emt 0:00:11]} b4 {[%emt 0:00:22]} 63. d6 {[%emt 0:00:11]} Rxg4+ {[%emt 0:00:03]} 64. Kf3 {[%emt 0:00:00]} Rd4 {[%emt 0:00:26]} 65. Ke3 {[%emt 0:00:22]} Rd1 {[%emt 0:00:01]} 66. Rxb4 {[%emt 0:00:03]} Rxd6 {[%emt 0:00:02]} 67. Kf3 {[%emt 0:00:10]} f5 {[%emt 0:00:20]} 68. Kf2 {[%emt 0:00:08]} Rd2+ {[%emt 0:00:14]} 69. Kf3 {[%emt 0:00:04]} Rd3+ {[%emt 0:00:02]} 70. Kf2 {[%emt 0:00:02]} Ra3 {[%emt 0:00:04]} 71. Rc4 {[%emt 0:00:02]} f4 {[%emt 0:00:13]} 72. Rc8 {[%emt 0:00:16]} Ra2+ {[%emt 0:00:02]} 73. Kf3 {[%emt 0:00:01]} Ra3+ {[%emt 0:00:01]} 74. Kf2 {[%emt 0:00:01]} 1/2-1/2

[Event "29th Czech Open-Rapid 2018"]
[Site "Pardubice"]
[Date "2018.07.18"]
[Round "2"]
[White "Mitra, Roman C"]
[Black "Natarov, Ilya"]
[Result "1/2-1/2"]
[WhiteElo "2104"]
[BlackElo "2028"]
[Annotator "NA"]
[PlyCount "126"]
[EventDate "2018.07.18"]
[EventType "swiss"]
[EventCountry "CZE"]
[SourceTitle "playchess.com"]
[Source "ChessBase"]
[SourceQuality "1"]
[TimeControl "900+10"]

1. e4 {[%emt 0:00:00]} Nf6 {[%emt 0:00:00]} 2. Nc3 {[%emt 0:00:00]} d5 {[%emt 0:00:00]} 3. exd5 {[%emt 0:00:00]} Nxd5 {[%emt 0:00:00]} 4. Nf3 {[%emt 0:00:00]} Bg4 {[%emt 0:00:05]} 5. h3 {[%emt 0:00:06]} Bh5 {[%emt 0:00:08]} 6. d3 {[%emt 0:00:04]} Nc6 {[%emt 0:00:09]} 7. Ne4 {[%emt 0:00:09]} e6 {[%emt 0:00:37]} 8. Ng3 {[%emt 0:00:02]} Bg6 {[%emt 0:00:04]} 9. Be2 {[%emt 0:00:02]} Bd6 {[%emt 0:00:13]} 10. Ne4 {[%emt 0:00:06]} Be7 {[%emt 0:00:40]} 11. O-O {[%emt 0:00:05]} O-O {[%emt 0:00:06]} 12. Bd2 {[%emt 0:00:02]} h6 {[%emt 0:00:15]} 13. a3 {[%emt 0:00:02]} Nf6 {[%emt 0:00:26]} 14. Nxf6+ {[%emt 0:01:05]} Bxf6 {[%emt 0:00:01]} 15. Qc1 {[%emt 0:00:02]} Qd7 {[%emt 0:00:37]} 16. Rd1 {[%emt 0:00:01]} Rad8 {[%emt 0:00:16]} 17. Rb1 {[%emt 0:00:40]} Rfe8 {[%emt 0:00:06]} 18. b4 {[%emt 0:00:02]} a6 {[%emt 0:00:27]} 19. a4 {[%emt 0:00:27]} Nd4 {[%emt 0:00:48]} 20. Nxd4 {[%emt 0:00:02]} Bxd4 {[%emt 0:00:03]} 21. b5 {[%emt 0:00:28]} axb5 {[%emt 0:00:05]} 22. axb5 {[%emt 0:00:05]} b6 {[%emt 0:00:10]} 23. Bf3 {[%emt 0:00:03]} Qe7 {[%emt 0:00:29]} 24. Bb4 {[%emt 0:00:03]} Bc5 {[%emt 0:00:53]} 25. Bc3 {[%emt 0:00:02]} e5 {[%emt 0:00:24]} 26. Bc6 {[%emt 0:00:04]} Rf8 {[%emt 0:00:17]} 27. Re1 {[%emt 0:00:02]} Qh4 {[%emt 0:00:37]} 28. Re2 {[%emt 0:01:44]} f6 {[%emt 0:01:16]} 29. Qe1 {[%emt 0:00:40]} Be8 {[%emt 0:00:31]} 30. Bf3 {[%emt 0:00:03]} Qa4 {[%emt 0:00:36]} 31. Qc1 {[%emt 0:00:45]} Bxb5 {[%emt 0:01:29]} 32. Re4 {[%emt 0:00:02]} Qa6 {[%emt 0:00:06]} 33. Ra1 {[%emt 0:01:24]} Qc8 {[%emt 0:00:01]} 34. Rg4 {[%emt 0:00:03]} Kh8 {[%emt 0:00:42]} 35. Rg6 {[%emt 0:00:13]} Qf5 {[%emt 0:00:39]} 36. Rg3 {[%emt 0:01:47]} Be8 {[%emt 0:01:38]} 37. Qe1 {[%emt 0:00:12]} Bh5 {[%emt 0:01:07]} 38. Ra7 {[%emt 0:00:33]} Bxf3 {[%emt 0:00:15]} 39. Rxf3 {[%emt 0:00:02]} Qd7 {[%emt 0:00:02]} 40. Qe4 {[%emt 0:00:02]} Bd6 {[%emt 0:01:56]} 41. g4 {[%emt 0:02:06]} Qb5 {[%emt 0:00:22]} 42. Ra1 {[%emt 0:00:41]} Qc5 {[%emt 0:00:28]} 43. Qe1 {[%emt 0:00:17]} Qc6 {[%emt 0:00:05]} 44. Re3 {[%emt 0:00:14]} Ra8 {[%emt 0:00:27]} 45. Rxa8 {[%emt 0:00:17]} Rxa8 {[%emt 0:00:03]} 46. Re4 {[%emt 0:00:02]} Ra4 {[%emt 0:00:44]} 47. Rxa4 {[%emt 0:00:20]} Qxa4 {[%emt 0:00:01]} 48. Qe2 {[%emt 0:00:07]} Qc6 {[%emt 0:00:21]} 49. Bb2 {[%emt 0:00:14]} b5 {[%emt 0:00:24]} 50. h4 {[%emt 0:00:18]} Qd5 {[%emt 0:00:14]} 51. h5 {[%emt 0:00:07]} c5 {[%emt 0:00:14]} 52. c4 {[%emt 0:00:02]} Qb7 {[%emt 0:00:12]} 53. cxb5 {[%emt 0:00:31]} Qxb5 {[%emt 0:00:01]} 54. Bc1 {[%emt 0:00:23]} Qb3 {[%emt 0:00:13]} 55. Qf3 {[%emt 0:00:12]} Kg8 {[%emt 0:00:58]} 56. Kg2 {[%emt 0:00:15]} Bf8 {[%emt 0:00:25]} 57. Qe4 {[%emt 0:00:13]} Qe6 {[%emt 0:00:10]} 58. Be3 {[%emt 0:00:08]} Kh8 {[%emt 0:00:32]} 59. f3 {[%emt 0:00:13]} Kg8 {[%emt 0:00:05]} 60. Kg3 {[%emt 0:00:06]} Qd6 {[%emt 0:00:14]} 61. Kg2 {[%emt 0:00:07]} Qe6 {[%emt 0:00:01]} 62. Qg6 {[%emt 0:00:25]} Kh8 {[%emt 0:00:18]} 63. Qe4 {[%emt 0:00:03]} Kg8 {[%emt 0:00:01]} 1/2-1/2

[Event "29th Czech Open-Rapid 2018"]
[Site "Pardubice"]
[Date "2018.07.18"]
[Round "2"]
[White "Mojzis, Jaroslav"]
[Black "Gschwendtner, Stanislav"]
[Result "1/2-1/2"]
[WhiteElo "2099"]
[BlackElo "2032"]
[Annotator "NA"]
[PlyCount "102"]
[EventDate "2018.07.18"]
[EventType "swiss"]
[EventCountry "CZE"]
[SourceTitle "playchess.com"]
[Source "ChessBase"]
[SourceQuality "1"]
[TimeControl "900+10"]

1. Nf3 {[%emt 0:00:00]} Nf6 {[%emt 0:00:00]} 2. c4 {[%emt 0:00:00]} g6 {[%emt 0:00:00]} 3. g3 {[%emt 0:00:01]} Bg7 {[%emt 0:00:01]} 4. Bg2 {[%emt 0:00:01]} O-O {[%emt 0:00:08]} 5. O-O {[%emt 0:00:06]} d5 {[%emt 0:00:03]} 6. cxd5 {[%emt 0:00:46]} Nxd5 {[%emt 0:00:04]} 7. Nc3 {[%emt 0:00:01]} Nb6 {[%emt 0:00:45]} 8. b3 {[%emt 0:00:31]} c5 {[%emt 0:00:15]} 9. Bb2 {[%emt 0:00:06]} c4 {[%emt 0:00:04]} 10. Rc1 {[%emt 0:03:41]} Nc6 {[%emt 0:00:11]} 11. Ne1 {[%emt 0:02:17]} Be6 {[%emt 0:00:15]} 12. d3 {[%emt 0:02:00]} cxb3 {[%emt 0:03:37]} 13. axb3 {[%emt 0:00:01]} Nd4 {[%emt 0:00:05]} 14. Bxb7 {[%emt 0:01:05]} Rb8 {[%emt 0:00:10]} 15. Bg2 {[%emt 0:00:11]} Bxb3 {[%emt 0:00:08]} 16. Qd2 {[%emt 0:00:02]} Be6 {[%emt 0:00:24]} 17. Rb1 {[%emt 0:00:58]} Nb3 {[%emt 0:02:19]} 18. Qf4 {[%emt 0:00:30]} Qd6 {[%emt 0:01:34]} 19. Qxd6 {[%emt 0:01:58]} exd6 {[%emt 0:00:01]} 20. Nf3 {[%emt 0:00:07]} Rfc8 {[%emt 0:00:10]} 21. Ne4 {[%emt 0:00:15]} d5 {[%emt 0:00:56]} 22. Neg5 {[%emt 0:00:39]} d4 {[%emt 0:01:00]} 23. Nxe6 {[%emt 0:00:06]} fxe6 {[%emt 0:00:02]} 24. Bh3 {[%emt 0:00:38]} Rc6 {[%emt 0:00:02]} 25. Rfd1 {[%emt 0:00:32]} h6 {[%emt 0:00:15]} 26. Ba3 {[%emt 0:01:01]} Nd5 {[%emt 0:00:12]} 27. Rf1 {[%emt 0:01:18]} Nc3 {[%emt 0:00:08]} 28. Rbe1 {[%emt 0:00:01]} Ra6 {[%emt 0:00:26]} 29. Bb2 {[%emt 0:00:04]} Kf7 {[%emt 0:00:09]} 30. e3 {[%emt 0:00:11]} Ra2 {[%emt 0:00:10]} 31. Bc1 {[%emt 0:00:11]} Ne2+ {[%emt 0:00:14]} 32. Rxe2 {[%emt 0:00:19]} Rxe2 {[%emt 0:00:03]} 33. exd4 {[%emt 0:00:06]} Nxd4 {[%emt 0:00:10]} 34. Bg2 {[%emt 0:00:29]} Rc2 {[%emt 0:00:38]} 35. Be3 {[%emt 0:00:01]} e5 {[%emt 0:00:15]} 36. Ra1 {[%emt 0:00:14]} Ne2+ {[%emt 0:00:44]} 37. Kf1 {[%emt 0:00:09]} a5 {[%emt 0:00:02]} 38. Rxa5 {[%emt 0:00:13]} Rb1+ {[%emt 0:00:10]} 39. Ne1 {[%emt 0:00:02]} Nd4 {[%emt 0:00:30]} 40. Ra7+ {[%emt 0:00:11]} Kg8 {[%emt 0:00:16]} 41. Bd5+ {[%emt 0:00:05]} Kh7 {[%emt 0:00:02]} 42. Ra8 {[%emt 0:00:03]} Bf6 {[%emt 0:01:18]} 43. Ra7+ {[%emt 0:00:04]} Kh8 {[%emt 0:00:05]} 44. Ra8+ {[%emt 0:00:21]} Kg7 {[%emt 0:00:12]} 45. Ra7+ {[%emt 0:00:01]} Kh8 {[%emt 0:00:28]} 46. Ra8+ {[%emt 0:00:01]} Kh7 {[%emt 0:00:03]} 47. Ra7+ {[%emt 0:00:04]} Bg7 {[%emt 0:00:08]} 48. Ra8 {[%emt 0:00:01]} Bf6 {[%emt 0:00:41]} 49. Ra7+ {[%emt 0:00:05]} Bg7 {[%emt 0:00:47]} 50. Ra8 {[%emt 0:00:01]} Bf6 {[%emt 0:00:13]} 51. Ra7+ {[%emt 0:00:01]} Bg7 1/2-1/2

[Event "29th Czech Open-Rapid 2018"]
[Site "Pardubice"]
[Date "2018.07.18"]
[Round "2"]
[White "Dimitrov, Dejan"]
[Black "Tomek, Karel"]
[Result "1-0"]
[WhiteElo "2096"]
[BlackElo "1785"]
[Annotator "NA"]
[PlyCount "111"]
[EventDate "2018.07.18"]
[EventType "swiss"]
[EventCountry "CZE"]
[SourceTitle "playchess.com"]
[Source "ChessBase"]
[SourceQuality "1"]
[TimeControl "900+10"]

1. d4 {[%emt 0:00:00]} Nf6 {[%emt 0:00:00]} 2. Bf4 {[%emt 0:00:00]} e6 {[%emt 0:00:00]} 3. e3 {[%emt 0:00:02]} b6 {[%emt 0:00:04]} 4. Nf3 {[%emt 0:00:06]} Bb7 {[%emt 0:00:06]} 5. Nbd2 {[%emt 0:00:03]} d6 {[%emt 0:00:04]} 6. Bd3 {[%emt 0:00:35]} Be7 {[%emt 0:00:10]} 7. h3 {[%emt 0:00:05]} Nbd7 {[%emt 0:00:05]} 8. O-O {[%emt 0:00:08]} O-O {[%emt 0:00:04]} 9. Qe2 {[%emt 0:00:09]} d5 {[%emt 0:00:59]} 10. e4 {[%emt 0:01:05]} dxe4 {[%emt 0:00:06]} 11. Nxe4 {[%emt 0:00:03]} Nxe4 {[%emt 0:00:03]} 12. Bxe4 {[%emt 0:00:03]} Bxe4 {[%emt 0:00:03]} 13. Qxe4 {[%emt 0:00:02]} Nf6 {[%emt 0:00:25]} 14. Qe2 {[%emt 0:01:04]} c5 {[%emt 0:01:25]} 15. dxc5 {[%emt 0:00:05]} Bxc5 {[%emt 0:00:11]} 16. Rfd1 {[%emt 0:00:25]} Qc8 {[%emt 0:00:10]} 17. Bg5 {[%emt 0:00:54]} Be7 {[%emt 0:00:08]} 18. Ne5 {[%emt 0:00:26]} Rd8 {[%emt 0:00:13]} 19. Rxd8+ {[%emt 0:01:20]} Qxd8 {[%emt 0:01:26]} 20. Nc6 {[%emt 0:01:20]} Qc7 {[%emt 0:00:22]} 21. Qf3 {[%emt 0:00:52]} Rc8 {[%emt 0:01:18]} 22. Nxe7+ {[%emt 0:00:17]} Qxe7 {[%emt 0:00:02]} 23. c3 {[%emt 0:00:25]} Rd8 {[%emt 0:00:10]} 24. Re1 {[%emt 0:01:07]} h6 {[%emt 0:00:05]} 25. Be3 {[%emt 0:00:37]} Nd5 {[%emt 0:00:21]} 26. Bd4 {[%emt 0:00:14]} Qg5 {[%emt 0:00:33]} 27. Kh2 {[%emt 0:01:21]} Qf4+ {[%emt 0:00:23]} 28. Qxf4 {[%emt 0:00:13]} Nxf4 {[%emt 0:00:02]} 29. g3 {[%emt 0:00:56]} Ng6 {[%emt 0:00:05]} 30. Kg2 {[%emt 0:00:19]} Rd7 {[%emt 0:00:04]} 31. Re2 {[%emt 0:00:20]} b5 {[%emt 0:00:03]} 32. f4 {[%emt 0:00:39]} Ne7 {[%emt 0:00:26]} 33. Be3 {[%emt 0:00:58]} a6 {[%emt 0:00:27]} 34. g4 {[%emt 0:00:37]} Rd3 {[%emt 0:00:07]} 35. Kf3 {[%emt 0:00:36]} f5 {[%emt 0:00:27]} 36. Rd2 {[%emt 0:00:25]} Rxd2 {[%emt 0:00:13]} 37. Bxd2 {[%emt 0:00:02]} Kf7 {[%emt 0:00:22]} 38. b3 {[%emt 0:00:13]} g6 {[%emt 0:00:30]} 39. c4 {[%emt 0:00:11]} h5 {[%emt 0:00:22]} 40. gxh5 {[%emt 0:00:40]} gxh5 {[%emt 0:00:04]} 41. cxb5 {[%emt 0:00:12]} axb5 {[%emt 0:00:02]} 42. a4 {[%emt 0:00:04]} bxa4 {[%emt 0:01:25]} 43. bxa4 {[%emt 0:00:01]} Nd5 {[%emt 0:00:09]} 44. a5 {[%emt 0:00:12]} Nc7 {[%emt 0:00:03]} 45. Bb4 {[%emt 0:00:17]} Na6 {[%emt 0:00:44]} 46. Bd6 {[%emt 0:00:10]} Ke8 {[%emt 0:00:04]} 47. Kg3 {[%emt 0:00:14]} Kd7 {[%emt 0:00:01]} 48. Ba3 {[%emt 0:00:31]} Ke8 {[%emt 0:07:09]} 49. Kh4 {[%emt 0:00:11]} Kf7 {[%emt 0:00:02]} 50. Kxh5 {[%emt 0:00:07]} Nc7 {[%emt 0:01:06]} 51. Bd6 {[%emt 0:00:16]} Na6 {[%emt 0:00:08]} 52. Kg5 {[%emt 0:00:08]} Kg7 {[%emt 0:00:03]} 53. h4 {[%emt 0:00:18]} Kf7 {[%emt 0:00:10]} 54. h5 {[%emt 0:00:30]} Kg7 {[%emt 0:00:07]} 55. h6+ {[%emt 0:00:12]} Kh7 {[%emt 0:00:04]} 56. Kh5 {[%emt 0:00:06]} 1-0

[Event "29th Czech Open-Rapid 2018"]
[Site "Pardubice"]
[Date "2018.07.18"]
[Round "2"]
[White "Vykydal, Frantisek"]
[Black "Gallego Alcaraz, Andres Felipe"]
[Result "0-1"]
[WhiteElo "2089"]
[BlackElo "2504"]
[Annotator "RC"]
[PlyCount "88"]
[EventDate "2018.07.18"]
[EventType "swiss"]
[EventCountry "CZE"]
[SourceTitle "playchess.com"]
[Source "ChessBase"]
[SourceQuality "1"]
[TimeControl "900+10"]

1. e4 {[%emt 0:00:00]} c5 {[%emt 0:00:00]} 2. Nc3 {[%emt 0:00:01]} Nc6 {[%emt 0:00:00]} 3. g3 {[%emt 0:00:02]} g6 {[%emt 0:00:01]} 4. Bg2 {[%emt 0:00:01]} Bg7 {[%emt 0:00:01]} 5. d3 {[%emt 0:00:02]} d6 {[%emt 0:00:11]} 6. Be3 {[%emt 0:00:05]} Rb8 {[%emt 0:00:23]} 7. a4 {[%emt 0:00:12]} a6 {[%emt 0:00:07]} 8. Qd2 {[%emt 0:00:04]} h5 {[%emt 0:00:26]} 9. h4 {[%emt 0:00:08]} Nf6 {[%emt 0:00:11]} 10. f3 {[%emt 0:00:07]} b5 {[%emt 0:00:11]} 11. axb5 {[%emt 0:00:02]} axb5 {[%emt 0:00:01]} 12. Nge2 {[%emt 0:00:05]} e5 {[%emt 0:00:22]} 13. O-O {[%emt 0:00:08]} Be6 {[%emt 0:00:14]} 14. Bg5 {[%emt 0:00:14]} Qd7 {[%emt 0:00:12]} 15. Kh2 {[%emt 0:01:23]} Nd4 {[%emt 0:00:32]} 16. Nxd4 {[%emt 0:00:05]} cxd4 {[%emt 0:00:03]} 17. Nd1 {[%emt 0:00:15]} d5 {[%emt 0:03:29]} 18. Nf2 {[%emt 0:00:29]} dxe4 {[%emt 0:01:38]} 19. Nxe4 {[%emt 0:00:18]} Nxe4 {[%emt 0:00:02]} 20. fxe4 {[%emt 0:00:09]} O-O {[%emt 0:00:40]} 21. Bf6 {[%emt 0:00:16]} Rfc8 {[%emt 0:00:19]} 22. Rf2 {[%emt 0:00:32]} Rc5 {[%emt 0:00:18]} 23. c3 {[%emt 0:01:44]} dxc3 {[%emt 0:00:30]} 24. bxc3 {[%emt 0:00:03]} Rbc8 {[%emt 0:00:25]} 25. d4 {[%emt 0:00:59]} Rxc3 {[%emt 0:03:39]} 26. d5 {[%emt 0:00:12]} Bxf6 {[%emt 0:00:44]} 27. Rxf6 {[%emt 0:01:33]} Rc2 {[%emt 0:00:18]} 28. Qg5 {[%emt 0:00:19]} Bh3 {[%emt 0:00:08]} 29. Rg1 {[%emt 0:00:55]} Bxg2 {[%emt 0:00:42]} 30. Rxg2 {[%emt 0:00:02]} Rxg2+ {[%emt 0:00:02]} 31. Kxg2 {[%emt 0:00:02]} Rc2+ {[%emt 0:00:15]} 32. Rf2 {[%emt 0:00:06]} Rxf2+ {[%emt 0:00:29]} 33. Kxf2 {[%emt 0:00:02]} Qd6 {[%emt 0:00:01]} 34. Qc1 {[%emt 0:00:29]} Qb6+ {[%emt 0:01:08]} 35. Kf3 {[%emt 0:00:31]} Kf8 {[%emt 0:00:30]} 36. Qg5 {[%emt 0:03:15]} Qd6 {[%emt 0:00:28]} 37. Qc1 {[%emt 0:00:39]} Ke7 {[%emt 0:00:29]} 38. Ke2 {[%emt 0:00:30]} Qb6 {[%emt 0:00:32]} 39. Qg5+ {[%emt 0:00:37]} Qf6 {[%emt 0:00:49]} 40. Qxf6+ {[%emt 0:00:43]} Kxf6 {[%emt 0:00:01]} 41. Kd2 {[%emt 0:00:01]} Ke7 {[%emt 0:00:10]} 42. Kc3 {[%emt 0:00:01]} Kf6 43. Kd3 Ke7 44. Ke2 {Ke6 d6} Kd7 0-1